Od účetní závěrky k přiznání DPPO a zpět

Účtovná závierka patrí k najdôležitejším a najzložitejším úlohám každého účtovného obdobia. Presný a verný obraz o stave majetku, záväzkov a vlastného kapitálu účtovnej jednotky. Postup pri zostavovaní účtovnej závierky a daň z príjmu právnických osôb (DPPO).

Gespeichert in:
Bibliographische Detailangaben
1. Verfasser: Děrgel, Martin
Format: Buchkapitel
Sprache:Tschechisch
Schlagworte:
Tags: Tag hinzufügen
Keine Tags, Fügen Sie das erste Tag hinzu!

MARC

LEADER 00000naa a2200000 4500
001 0128603
005 20230925094403.6
041 0 |a cze 
044 |a CZ 
245 1 0 |a Od účetní závěrky k přiznání DPPO a zpět  |c Martin Děrgel 
520 |a Účtovná závierka patrí k najdôležitejším a najzložitejším úlohám každého účtovného obdobia. Presný a verný obraz o stave majetku, záväzkov a vlastného kapitálu účtovnej jednotky. Postup pri zostavovaní účtovnej závierky a daň z príjmu právnických osôb (DPPO). 
610 2 0 |a účtovníctvo 
610 2 0 |a osoby právnické 
610 2 0 |a dane z príjmov 
610 2 0 |a povinnosť daňová 
610 2 0 |a obdobie účtovné 
610 2 0 |a jednotka účtovná 
610 2 0 |a evidencia účtovná 
610 2 0 |a výkaz ziskov a strát 
610 2 0 |a zápisy účtovné 
610 2 0 |a závierka účtovná 
100 1 |a Děrgel, Martin